Famous Georges - Statistics

General Stats
  • This quiz has been taken 45 times
  • The average score is 11 of 16
Answer Stats
Picture Answer % Correct
George Washington
100%
George Clooney
98%
George H. W. Bush
98%
George W. Bush
98%
George Harrison
88%
George Lucas
81%
George Michael
79%
Boy George
67%
George of the Jungle
67%
George Foreman
64%
George Jetson
57%
George Orwell
55%
George Carlin
48%
George R. R. Martin
45%
George Weasley
43%
George Clinton
21%
No matching quizzes found
Score Distribution
Percent of People with Each Score
Percentile by Number Answered
Your Score History
You have not taken this quiz